Povrchovoaktívne vlastnosti prírodných látok : Obh. 7.6.1993 /

Salvato in:
Dettagli Bibliografici
Autore principale: Bezáková, Darina (Autore)
Natura: Manoscritto Libro
Lingua:slovacco
Pubblicazione: Bratislava : STU v Bratislave ChtF, 1993
Tags: Aggiungi Tag
Nessun Tag, puoi essere il primo ad aggiungerne!!

MARC

LEADER 00000ntm a22000003a 4500
001 stu21604
005 20150617225750.0
008 930723s1993----cs------------------slo-d
040 |a STU  |b slo 
041 0 |a slo 
044 |a cs 
100 1 |a Bezáková, Darina  |4 aut 
245 1 |a Povrchovoaktívne vlastnosti prírodných látok :  |b Obh. 7.6.1993 /  |c [aut.]Bezáková,Darina 
260 |a Bratislava :  |b STU v Bratislave ChtF,  |c 1993 
300 |a 58 s :  |b tab.,grafy,lit 
500 |a Špec.: Technológia mlieka a tukov 
996 |b CD11497  |c C*D11497  |l CCI  |s A  |a 24  |w stu21604_0001